Within-family genomic selection in rubber tree (Hevea brasiliensis) increases genetic gain for rubber production (Record no. 72462)

MARC details
000 -LEADER
fixed length control field 00775nam a2200277Ia 4500
100 ## - MAIN ENTRY--AUTHOR NAME
Personal name Cros D
245 #0 - TITLE STATEMENT
Title Within-family genomic selection in rubber tree (Hevea brasiliensis) increases genetic gain for rubber production
260 ## - PUBLICATION, DISTRIBUTION, ETC. (IMPRINT)
Name of publisher Industrial Crops and Products
Year of publication 2019
500 ## - GENERAL NOTE
General note Source Year: 2019
650 ## - SUBJECT ADDED ENTRY--TOPICAL TERM
Topical Term Genomic selection
650 ## - SUBJECT ADDED ENTRY--TOPICAL TERM
Topical Term Rubber production
700 ## - ADDED ENTRY--PERSONAL NAME
Personal name Achour Z
700 ## - ADDED ENTRY--PERSONAL NAME
Personal name Bell J.M
700 ## - ADDED ENTRY--PERSONAL NAME
Personal name Bell J.M
700 ## - ADDED ENTRY--PERSONAL NAME
Personal name Clement-Demange A
700 ## - ADDED ENTRY--PERSONAL NAME
Personal name Dinh S
700 ## - ADDED ENTRY--PERSONAL NAME
Personal name Guen V.L
700 ## - ADDED ENTRY--PERSONAL NAME
Personal name MAsson A.D
700 ## - ADDED ENTRY--PERSONAL NAME
Personal name Mbo-Nkoulou L
700 ## - ADDED ENTRY--PERSONAL NAME
Personal name Mouman A.M
700 ## - ADDED ENTRY--PERSONAL NAME
Personal name Oum J
700 ## - ADDED ENTRY--PERSONAL NAME
Personal name Tran D.M
856 ## - ELECTRONIC LOCATION AND ACCESS
Uniform Resource Identifier doi.org/10.1016/j.indcrop.2019.111464
942 ## - ADDED ENTRY ELEMENTS (KOHA)
Koha item type Journals
Holdings
Withdrawn status Lost status Damaged status Not for loan Home library Current library Shelving location Date acquired Serial Enumeration / chronology Koha item type
      Journals RRII Library RRII Library Biotechnology 01/01/2021 Volume 138, Issue Journals